Wszystkie stacje i przystanki kolejowe w GZM - Statystyki

Ogólne statystyki
  • Ten quiz został rozwiązany 54 razy
  • Średni wynik to 43 z 83
Statystyki odpowiedzi
Podpowiedź (rejestracje) Odpowiedź % Poprawnych
SK Katowice
93%
SY Bytom
90%
SG Gliwice
90%
ST Tychy
90%
SZ Zabrze
90%
SBE Będzin Miasto
88%
SO Sosnowiec Główny
88%
SD Dąbrowa Górnicza
83%
STA Tarnowskie Góry
83%
SH Chorzów Batory
80%
SL Ruda Śląska
80%
SK Katowice Ligota
78%
ST Tychy Lodowisko
76%
SK Katowice Zawodzie
73%
SMI Mikołów
73%
SM Mysłowice
73%
SK Katowice Brynów
71%
SK Katowice Piotrowice
71%
SK Katowice Załęże
71%
SBE Będzin Ksawera
68%
SGL Pyskowice
68%
SD Dąbrowa Górnicza Gołonóg
66%
SK Katowice Szopienice Południowe
66%
SY Bytom Karb
63%
SH Chorzów Miasto
63%
SH Chorzów Uniwersytet
63%
SL Ruda Chebzie
63%
SG Gliwice Łabędy
61%
SY Bytom Stroszek
59%
SH Chorzów Stary
59%
SGL Knurów
59%
STA Radzionków
59%
SO Sosnowiec Południowy
59%
SD Dąbrowa Górnicza Pogoria
56%
SW Świętochłowice
56%
SD Dąbrowa Górnicza Ząbkowice
54%
SK Katowice Podlesie
54%
STA Radzionków Rojca
51%
SO Sosnowiec Jęzor Południowy
51%
SZ Zabrze Północne
51%
SK Katowice Ochojec
49%
STA Pyrzowice Lotnisko
49%
SMI Łaziska Górne
46%
ST Tychy Grota Roweckiego
46%
SBL Imielin
44%
ST Tychy Zachodnie
44%
ST Tychy Żwaków
44%
SD Dąbrowa Górnicza Sikorka
41%
SK Katowice Uniwersytet
41%
SPS Kobiór
41%
SO Sosnowiec Dańdówka
41%
SO Sosnowiec Kazimierz
41%
SZ Zabrze Maciejów
41%
SD Dąbrowa Górnicza Południowa
39%
SD Dąbrowa Górnicza Strzemieszyce
39%
SD Dąbrowa Górnicza Wschodnia
39%
SK Katowice Akademia
39%
SK Katowice Murcki
39%
SMI Łaziska Średnie
39%
STA Nakło Śląskie
39%
SBE Mierzęcice
37%
SM Mysłowice Kosztowy
37%
SBL Nowy Bieruń
37%
SBE Siewierz
37%
SO Sosnowiec Porąbka
37%
ST Tychy Bielska
37%
SBL Chełm Śląski
34%
SK Katowice Kostuchna
34%
SM Mysłowice Brzezinka
34%
SO Sosnowiec Maczki
34%
SG Gliwice Kuźnica
32%
SBE Sławków
32%
SGL Rudziniec Gliwicki
29%
SMI Wyry
27%
SK Katowice Morawa
24%
SMI Łaziska Górne Brada
24%
SM Mysłowice Brzęczkowice
24%
SGL Przyszowice
24%
SO Sosnowiec Środula
24%
SK Katowice Kokociniec
22%
SGL Rzeczyce Śląskie
22%
SGL Taciszów
22%
SK Katowice Podlesie Dąbrowa
20%
Nie znaleziono quizów pasujących do podanych kryteriów
Rozkład punktacji
Procent ludzi z każdym wynikiem
Percentyl według liczby udzielonych odpowiedzi
Twoja historia wyników
Nie rozwiązałeś tego quizu